Stavebno-technologický projekt - Výrobná hala v Štúrove

Salvato in:
Dettagli Bibliografici
Autore principale: Pócs, Dávid (Autore)
Altri autori: Hulínová, Zdenka (Relatore della tesi)
Natura: Manoscritto Libro
Lingua:slovacco
Pubblicazione: 2017
Soggetti:
Accesso online:http://is.stuba.sk/zp/portal_zp.pl?podrobnosti=126021
https://opac.crzp.sk/?fn=detailBiblioForm&sid=4B7A8F8230E49217361A638DC396
Tags: Aggiungi Tag
Nessun Tag, puoi essere il primo ad aggiungerne!!

MARC

LEADER 00000ntm a22000003a 4500
001 stuzp65370
003 SK-STU
005 20230817113955.6
007 ta
008 150427s2015----xo-----f-mn---000-0-slo-d
040 |a STU  |b slo 
041 0 |a slo 
100 1 |a Pócs, Dávid  |u 010270  |4 aut  |U SvF Stavebná fakulta  |T SvF Katedra technológie stavieb  |X 59096  |U V270  |Y 28  |7 59096 
242 0 1 |a Building technology project - Production hall in Štúrovo  |y eng 
245 1 0 |a Stavebno-technologický projekt - Výrobná hala v Štúrove 
260 |c 2017 
650 4 |a Stavebno-technologická príprava  |2 slo 
650 4 |a Výrobná hala  |2 slo 
650 4 |a Štúrovo  |2 slo 
650 4 |a Zariadenia staveniska  |2 slo 
650 4 |a Vŕtané pilóty  |2 slo 
650 4 |a Štúrovo  |2 eng 
650 4 |a Load bearing  |2 eng 
650 4 |a pilots  |2 eng 
650 4 |a Production hall  |2 eng 
700 1 |a Hulínová, Zdenka  |u 010270  |k Z1  |4 ths  |U SvF Stavebná fakulta  |T SvF Katedra technológie stavieb  |X 853  |U V270  |Y 28  |7 A000000853 
856 4 |u http://is.stuba.sk/zp/portal_zp.pl?podrobnosti=126021 
856 4 |u https://opac.crzp.sk/?fn=detailBiblioForm&sid=4B7A8F8230E49217361A638DC396